| 000 | 00592nam a22001697a 4500 | ||
|---|---|---|---|
| 999 |
_c15255 _d15255 |
||
| 003 | OSt | ||
| 082 | _2631.75807 JIG/EF | ||
| 088 | _aT 54 | ||
| 100 |
_aJIGIMON T _92346 |
||
| 245 | _aEffect of landslope on uniformity of water distribution of sprinklers | ||
| 260 |
_aTavanur 1996 _bKelappaji College of Agricultural Engineering and Technology |
||
| 300 | _a125 | ||
| 500 | _aEffect of landslope on uniformity of water distribution of sprinklers | ||
| 520 | _aEffect of landslope on uniformity of water distribution of sprinklers | ||
| 700 |
_aDr. Jobi V. Paul (Guide) _92345 |
||
| 942 | _cTH | ||